U.S. Secretaries of State by Picture - Statistics

General Stats
  • This quiz has been taken 85 times
    12 since last reset
  • The average score is 26 of 103
Answer Stats
Picture Hint Answer % Correct
1845-1849 James Buchanan
100%
1811-1817 James Monroe
100%
1829-1831 Martin Van Buren
100%
1790-1793 Thomas Jefferson
100%
2009-2013 Hillary Rodham Clinton
89%
1801-1809 James Madison
89%
1817-1825 John Quincy Adams
89%
2001-2005 Colin Powell
78%
1973-1977 Henry Kissinger
78%
2013-2017 John Kerry
78%
2025-Present Marco Rubio
78%
2005-2009 Condoleezza Rice
67%
1947-1949 George C. Marshall
67%
1825-1829 Henry Clay
67%
1800-1801 John Marshall
67%
1997-2001 Madeleine Albright
56%
1841-1843 | 1850-1852 Daniel Webster
44%
1881 | 1889-1892 James G. Blaine
44%
1953-1959 John Foster Dulles
44%
2017-2018 Rex Tillerson
44%
1913-1915 William Jennings Bryan
44%
1981-1982 Alexander Haig
33%
1921-1925 Charles Evans Hughes
33%
1933-1944 Cordell Hull
33%
1977-1980 Cyrus Vance
33%
1949-1953 Dean Acheson
33%
1961-1969 Dean Rusk
33%
1794-1795 Edmund Randolph
33%
*1920* Frank Polk
33%
1982-1989 George P. Schultz
33%
1989-1992 James Baker
33%
1945-1947 James F. Byrnes
33%
1844-1845 John C. Calhoun
33%
1784-1790 John Jay
33%
1897-1898 John Sherman
33%
*1973* Kenneth Rush
33%
1992-1993 Lawrence Eagleburger
33%
1857-1860 Lewis Cass
33%
2018-2021 Mike Pompeo
33%
*1817* Richard Rush
33%
*1980* | *1980* | 1993-1997 Warren Christopher
33%
1861-1869 William H. Seward
33%
2021-2025 Anthony J. Blinken
22%
*1800* Charles Lee
22%
*2021* Daniel Bennett Smith
22%
1980-1981 Edmund Muskie
22%
1860-1861 Jeremiah S. Black
22%
*1801* Levi Lincoln, Sr.
22%
1809-1811 Robert Smith
22%
1969-1973 William P. Rogers
22%
1920-1921 Bainbridge Colby
11%
*2009* Bill Burns
11%
1959-1961 Christian Herter
11%
1852-1853 Edward Everett
11%
1944-1945 Edward Stettinius Jr.
11%
1905-1909 Elihu Root
11%
1925-1929 Frank B. Kellogg
11%
1881-1885 Frederick T. Frelinghuysen
11%
1869-1877 Hamilton Fish
11%
1929-1933 Henry L. Stimson
11%
*1829* James Alexander Hamilton
11%
1898-1905 John Hay
11%
1909-1913 Philander C. Knox
11%
*1977* Philip Habib
11%
1909 Robert Bacon
11%
1915-1920 Robert Lansing
11%
1885-1889 Thomas F. Bayard
11%
1795-1800 Timothy Pickering
11%
1843-1844 Abel P. Upshur
0%
*1898* Alvey A. Adee
0%
*1993* Arnold Kanter
0%
*1969* Charles E. Bohlen
0%
*1852* Charles Magill Conrad
0%
*1980* | *1980* | *1981* David D. Newsom
0%
1831-1833 Edward Livingston
0%
*1895* Edwin F. Uhl
0%
1783-1784 Elias Boudinot
0%
1869 Elihu B. Washburne
0%
*1905* Francis B. Loomis
0%
*1993* Frank G. Wisner
0%
*1953* H. Freeman Matthews
0%
*1843* Hugh S. Legaré
0%
1834-1841 John Forsyth
0%
*2018* John J. Sullivan
0%
1849-1850 John M. Clayton
0%
*1844* John Nelson
0%
1892-1893 John W. Foster
0%
*1945* Joseph Grew
0%
*2025* Lisa D. Kenna
0%
*1961* Livingston T. Merchant
0%
1833-1834 Louis McLane
0%
*1989* Michael Armacost
0%
*1980* Richard N. Cooper
0%
1895-1897 Richard Olney
0%
1781-1783 Robert R. Livingston
0%
*2017* Thomas A. Shannon Jr.
0%
*1982* Walter J. Stoessel Jr.
0%
1893-1895 Walter Q. Gresham
0%
*1892* | *1893* William F. Wharton
0%
*1853 *| *1860* William Hunter
0%
1853-1857 William L. Macy
0%
1877-1881 William M. Evarts
0%
1898 William R. Day
0%
No matching quizzes found
Score Distribution
Percent of People with Each Score
Percentile by Number Answered
Your Score History
You have not taken this quiz since the last reset